| 000 | 00384nam a22001457a 4500 | ||
|---|---|---|---|
| 999 |
_c62063 _d62063 |
||
| 005 | 20181103180046.0 | ||
| 010 | _aB-106353 | ||
| 020 |
_a8120325141 _c250.00 |
||
| 035 | _aB-106348,B-106353 | ||
| 037 |
_aDPL _bENG |
||
| 245 | _aBasic of perl / | ||
| 260 |
_aNew Delhi _bPrentice-Hall of India _c2004 |
||
| 300 |
_axi, 310p. _c22 cms. |
||
| 942 |
_2ddc _cEN _h005.13 _mBAS |
||